5HLuxD.jpg

KING HENRY VIII SENIOR AND PRIMARY SCHOOL LIBRARY OPAC

A WOLF'S TALE (Record no. 4898)

000 -LEADER
fixed length control field 00336nam a22001217a 4500
008 - FIXED-LENGTH DATA ELEMENTS--GENERAL INFORMATION
fixed length control field 250422b ||||| |||| 00| 0 eng d
020 ## - INTERNATIONAL STANDARD BOOK NUMBER
International Standard Book Number 9781909958265
082 ## - DEWEY DECIMAL CLASSIFICATION NUMBER
Classification number 823.92 MON
100 ## - MAIN ENTRY--PERSONAL NAME
Personal name MONTANARI,EVA
Relator term AUTHOR
245 ## - TITLE STATEMENT
Title A WOLF'S TALE
260 ## - PUBLICATION, DISTRIBUTION, ETC.
Place of publication, distribution, etc. ALBURY COURT,ALBURY,THAME,OX9 2LP,UNITED KINGDOM
Name of publisher, distributor, etc. ALBURY BOOKS
Date of publication, distribution, etc. 2017
942 ## - ADDED ENTRY ELEMENTS (KOHA)
Source of classification or shelving scheme
Holdings
Withdrawn status Lost status Source of classification or shelving scheme Damaged status Not for loan Collection code Permanent Location Current Location Shelving location Date acquired Total Checkouts Full call number Barcode Date due Date last seen Date last checked out Price effective from Koha item type Public note
          Fiction KH8 Primary School Library KH8 Primary School Library Fiction 2025-04-22 2 823.92 MON KHPL000006751 2026-04-24 2026-04-16 2026-04-16 2025-04-22 Books - Fiction KH8 PRIMARY LIBRARY

Powered By KH8 IT Dept